| 000 | 00990cam a2200217 4500 | ||
|---|---|---|---|
| 008 | 031029n1998 000 0 eng u | ||
| 020 | _a9054102527 | ||
| 035 | _a(Sirsi) u124124 | ||
| 041 | _aeng | ||
| 050 |
_a691 _c18 |
||
| 100 | _aDuggal, S. K. | ||
| 245 | _aBuilding materials | ||
| 260 |
_aRotterdam _bBalkema _c1998 |
||
| 300 |
_axiv, 390p. _c24cm |
||
| 350 | _a39.50 | ||
| 520 | _aIntended to provide information on building materials for engineering students. Covers the manufacture/fabrication of building materials; data on the mechanical and physical properties and the influences of various factors on these properties; the causes of defects, their prevention and remedies; and information on the testing of materials. Also includes a brief introduction to the more general uses and applications of the different materials. | ||
| 650 | _aBUILT ENVIRONMENT-BUILDING MATERIALS | ||
| 650 | _aENGINEERING | ||
| 690 | _aBUILT ENVIRONMENT-BUILDING MATERIALS | ||
| 942 | _n0 | ||
| 999 |
_c103155 _d103155 |
||